| 000 | 00994cam a22003493a 4500 | ||
|---|---|---|---|
| 999 |
_c173303 _d173303 |
||
| 001 | 16553107 | ||
| 003 | Nust | ||
| 005 | 20180720110301.0 | ||
| 008 | 050107r20052003nyu j 000 1 eng d | ||
| 010 | _a 2004093416 | ||
| 020 |
_a9780330437387 _cRs. 360 |
||
| 035 | _a(OCoLC)ocn608981920 | ||
| 035 | _a(OCoLC)608981920 | ||
| 038 | _aArshad | ||
| 040 |
_aT3G _cNust _dDLC |
||
| 042 | _alccopycat | ||
| 050 | 0 | 0 | _aCPB Box no. 3156 vol. 20 |
| 082 |
_a813.6 _bCAB |
||
| 100 | 1 |
_aCabot, Meg. _911902 |
|
| 240 | _aThe Mediator | ||
| 245 | 1 | 4 |
_a High Stakes _cMeg Cabot. |
| 260 |
_aUSA _bMacmillan children Book, _c2004. |
||
| 300 |
_a199 p. ; _c18 cm. |
||
| 650 |
_aWomen mediums _911907 |
||
| 650 |
_aGhost stories _911908 |
||
| 655 | 7 |
_aGhost stories. _2gsafd _911908 |
|
| 655 | 7 |
_aLove stories. _2gsafd _9418 |
|
| 655 | 7 |
_aYoung adult fiction. _2lcsh _911909 |
|
| 906 |
_a7 _bcbc _ccopycat _d2 _encip _f20 _gy-genrareb |
||
| 942 |
_2ddc _cBK |
||